[Event "AUTO-OPEN-1722"]
[Site "http://www.queenalice.com/game.php?id=725201"]
[Date "2010.2.3"]
[Round "2"]
[White "pjhunt"]
[Black "mister_pawn"]
[Result "1-0"]
[WhiteElo "2299"]
[BlackElo "2205"]

1. c4 c5 2. Nf3 Nf6 3. Nc3 e6 4. e3 Nc6 5. d4 d5 6. cxd5 exd5 7. Bb5 cxd4 8.
exd4 Bd6 9. Qe2+ Be6 10. Ng5 Qd7 11. Nxe6 Qxe6 12. Qxe6+ fxe6 13. O-O Rc8 14.
Re1 Kf7 15. Be3 Ng4 16. g3 a6 17. Be2 h5 18. Rf1 g6 19. Rac1 Kg7 20. Kg2 Rhf8
21. h3 Nxe3+ 22. fxe3 Rxf1 23. Rxf1 Ne7 24. Bd3 Nf5 25. Bxf5 gxf5 26. a4 Kf6 27.
Kf3 Rc4 28. Rc1 Rb4 29. Rb1 Rb3 30. Ne2 e5 31. Kf2 e4 32. Nf4 h4 33. Nxd5+ Ke6
34. Nf4+ Kd7 35. Nh5 hxg3+ 36. Nxg3 Bxg3+ 37. Kxg3 Rxe3+ 38. Kf4 Rf3+ 39. Ke5 e3
40. b4 1-0

[Event "AUTO-INT-1479"]
[Site "http://www.queenalice.com/game.php?id=754225"]
[Date "2010.3.31"]
[Round "2"]
[White "skatista99"]
[Black "mister_pawn"]
[Result "0-1"]
[WhiteElo "1669"]
[BlackElo "2215"]

1. e4 c5 2. Nf3 d6 3. Nc3 a6 4. Bc4 e6 5. d3 b5 6. Bb3 Nc6 7. a3 Nf6 8. Bg5 Be7
9. O-O Qc7 10. Re1 O-O 11. Qe2 Bb7 12. Rad1 h6 13. Bh4 g5 14. Bg3 Nh5 15. Nxg5
Nxg3 16. fxg3 Bxg5 17. Qh5 c4 18. dxc4 bxc4 19. Bxc4 Qb6+ 20. Kh1 Qxb2 21. Ne2
Qxc2 22. Rc1 Bxc1 23. Rxc1 Qxe4 24. Nf4 Ne5 25. Qxh6 Rfc8 26. Nh5 Qxg2# 0-1

[Event "AUTO-INT-1479"]
[Site "http://www.queenalice.com/game.php?id=754226"]
[Date "2010.3.31"]
[Round "2"]
[White "mister_pawn"]
[Black "skatista99"]
[Result "1-0"]
[WhiteElo "2214"]
[BlackElo "1635"]

1. e4 e5 2. f4 d6 3. d3 Nc6 4. Nc3 Nf6 5. Nf3 Bg4 6. Be2 Nd4 7. Nxd4 Bxe2 8.
Ndxe2 Be7 9. Ng3 exf4 10. Bxf4 O-O 11. O-O c6 12. Nf5 Nd7 13. d4 Bg5 14. Bxd6
Re8 15. Qd3 Qf6 16. Ne7+ Rxe7 17. Rxf6 Bxf6 18. Bxe7 1-0

[Event "AUTO-MASTER-972"]
[Site "http://www.queenalice.com/game.php?id=756405"]
[Date "2010.4.4"]
[Round "2"]
[White "hartlaub"]
[Black "mister_pawn"]
[Result "1-0"]
[WhiteElo "2262"]
[BlackElo "2216"]

1. f4 b6 2. e4 e6 3. Nf3 Bb7 4. Nc3 Nf6 5. d3 Nc6 6. Be2 d5 7. e5 d4 8. Ne4 Nxe4
9. dxe4 Bc5 10. Bd3 O-O 11. a3 a5 12. O-O Re8 13. Bd2 Qe7 14. Qe1 f6 15. Qg3 Ba6
16. exf6 Qxf6 17. e5 Qe7 18. Bxa6 Rxa6 19. Ng5 h6 20. Qd3 hxg5 21. Qxa6 d3+ 22.
Kh1 dxc2 23. fxg5 Rd8 24. Bf4 Qe8 25. Qc4 Nd4 26. Rac1 Rd5 27. a4 c6 28. Qd3 Qh5
29. Rxc2 Nxc2 30. Qxc2 Qf7 31. g6 Qf5 32. Qxf5 exf5 33. h4 Rd4 34. b3 Re4 35. h5
Bd4 36. g4 Bxe5 37. Bxe5 Rxe5 38. gxf5 Re4 39. Kh2 Rh4+ 40. Kg3 Rxh5 41. Kg4 Rh2
42. Rd1 Kf8 43. Rd8+ Ke7 44. Rg8 Kf6 45. Rf8+ Ke5 46. Re8+ Kd6 47. Rg8 Rg2+ 48.
Kf3 Rg1 49. Rxg7 Ke5 50. Rf7 Rf1+ 51. Ke2 Rg1 52. Kf2 Rg4 53. g7 b5 54. f6 Kf5
55. Rf8 1-0

[Event "AUTO-MASTER-972"]
[Site "http://www.queenalice.com/game.php?id=756406"]
[Date "2010.4.4"]
[Round "2"]
[White "mister_pawn"]
[Black "hartlaub"]
[Result "1/2-1/2"]
[WhiteElo "2187"]
[BlackElo "2313"]

1. e4 e6 2. Qe2 d5 3. d3 dxe4 4. dxe4 e5 5. Nf3 Nc6 6. c3 Nf6 7. Qd3 Bd6 8. Nbd2
O-O 9. Nc4 Qe7 10. Nxd6 cxd6 11. Bg5 Bg4 12. Be2 Rad8 13. O-O d5 14. Bxf6 gxf6
15. Nh4 Bxe2 1/2-1/2

[Event "AUTO-MASTER-972"]
[Site "http://www.queenalice.com/game.php?id=756411"]
[Date "2010.4.4"]
[Round "2"]
[White "mister_pawn"]
[Black "thewhitebishop"]
[Result "1-0"]
[WhiteElo "2204"]
[BlackElo "2137"]

1. e4 d6 2. d4 Nf6 3. Nc3 g6 4. Be3 c6 5. Qd2 b5 6. Bd3 Nbd7 7. Nf3 Bg7 8. Bh6
O-O 9. Bxg7 Kxg7 10. e5 dxe5 11. dxe5 Ng4 12. Qg5 Ndxe5 13. Nxe5 f6 14. Nxc6
Qxd3 15. cxd3 fxg5 16. O-O Bb7 17. Nd4 Rf6 18. Rae1 Kf7 19. f3 Nh6 20. Re5 b4
21. Rfe1 Ng8 22. Na4 Rd6 23. Nb5 Rdd8 24. Nc7 Rac8 25. Ne6 Rxd3 26. Nec5 Bc6 27.
Nxd3 Bxa4 28. Ra5 Bd7 29. Rxa7 Be6 30. Nxb4 h6 31. Nd3 Kf6 32. Ra6 1-0

[Event "AUTO-MASTER-972"]
[Site "http://www.queenalice.com/game.php?id=756412"]
[Date "2010.4.4"]
[Round "2"]
[White "thewhitebishop"]
[Black "mister_pawn"]
[Result "0-1"]
[WhiteElo "2116"]
[BlackElo "2191"]

1. d4 Nf6 2. c4 e6 3. Nc3 Bb4 4. a3 Bxc3+ 5. bxc3 O-O 6. f3 Nh5 7. g3 Nc6 8. e4
d6 9. Bd3 e5 10. Ne2 exd4 11. cxd4 Qf6 12. f4 Nxd4 13. Nxd4 Qxd4 14. Ra2 Re8 15.
Rd2 Bf5 16. Bc2 Qxc4 17. Qxh5 Bxe4 18. Kd1 g6 19. Qh3 Bf3+ 0-1

[Event "AUTO-OPEN-1722"]
[Site "http://www.queenalice.com/game.php?id=875078"]
[Date "2010.12.22"]
[Round "3"]
[White "pjhunt"]
[Black "mister_pawn"]
[Result "0-1"]
[WhiteElo "2266"]
[BlackElo "2225"]

1. c4 e6 2. Nc3 Nf6 3. d4 Bb4 4. Qc2 c5 5. dxc5 O-O 6. a3 Bxc5 7. Nf3 Nc6 8. Bg5
h6 9. Bxf6 Qxf6 10. e3 b6 0-1

[Event "AUTO-OPEN-1722"]
[Site "http://www.queenalice.com/game.php?id=875082"]
[Date "2010.12.22"]
[Round "3"]
[White "mister_pawn"]
[Black "ezekiel4a21"]
[Result "1-0"]
[WhiteElo "2210"]
[BlackElo "2073"]

1. e4 c5 2. Nf3 Nc6 3. Bb5 d6 4. d4 Bd7 5. d5 Nb8 6. a4 Nf6 7. Qe2 g6 8. O-O a6
9. Bc4 Bg7 10. h3 O-O 11. Nc3 Re8 12. Rd1 e5 13. dxe6 fxe6 14. Rxd6 Qc7 15. e5
Bf8 16. Rd3 Nh5 17. g4 Ng7 18. Ne4 Be7 19. Nf6+ Kh8 20. Qd2 Bc6 21. Ng5 Rf8 22.
Ngxh7 Qxe5 23. Rd8 Rxd8 24. Qh6 Rd1+ 25. Bf1 Nf5 26. gxf5 1-0

[Event "AUTO-OPEN-1722"]
[Site "http://www.queenalice.com/game.php?id=875083"]
[Date "2010.12.22"]
[Round "3"]
[White "ezekiel4a21"]
[Black "mister_pawn"]
[Result "0-1"]
[WhiteElo "2062"]
[BlackElo "2218"]

1. e4 c5 2. Bc4 d6 3. d3 e6 4. Nf3 Nf6 5. O-O a6 6. Nc3 b5 7. Bb3 Nc6 8. a3 Bb7
9. Bg5 h6 10. Bh4 Be7 11. Re1 Qb6 12. e5 dxe5 13. Nxe5 Nxe5 14. Rxe5 Nd7 15. Bg3
Nxe5 16. Bxe5 Bd6 17. Qe2 O-O 18. Bxd6 Qxd6 19. Ne4 Bxe4 20. Qxe4 Rfd8 21. Re1
Qd4 22. Qxd4 Rxd4 23. g3 c4 24. dxc4 bxc4 25. Ba4 Rb8 26. b4 cxb3 27. Bxb3 g5
28. h3 Rb5 29. a4 Rf5 30. Re2 Kf8 31. c3 Rd6 32. Kg2 Rb6 33. Bd1 Rd5 34. Bc2 Rc5
35. Re3 Ke7 36. Bd1 a5 37. Be2 Rb3 38. Bb5 Rbxc3 39. Re2 Kf6 40. Kf1 Rc2 41. Re3
R5c3 42. Rxc3 Rxc3 43. Ke2 h5 44. Kd2 Rf3 45. Ke2 Ra3 46. Be8 h4 47. gxh4 gxh4
48. f3 Ra2+ 49. Kd3 Rh2 50. Kc4 Rxh3 51. Bc6 Kg5 52. Kb5 Kf4 53. Kxa5 Rxf3 54.
Bxf3 Kxf3 55. Kb6 h3 56. a5 Kf4 57. a6 h2 0-1

[Event "AUTO-MASTER-1656"]
[Site "http://www.queenalice.com/game.php?id=1062079"]
[Date "2012.5.21"]
[Round "1"]
[White "mister_pawn"]
[Black "alexp71"]
[Result "1-0"]
[WhiteElo "2273"]
[BlackElo "1931"]

1. e4 c5 2. Nc3 Nc6 3. Nf3 g6 4. d4 cxd4 5. Nxd4 Bg7 6. Be3 Nf6 7. Nxc6 bxc6 8.
e5 Nd5 9. Nxd5 cxd5 10. Qxd5 Rb8 11. O-O-O Bb7 12. Qc5 Rc8 13. Qxa7 Qc7 14. Rd2
Ra8 15. Qc5 Qxc5 16. Bxc5 Bh6 17. Be3 Bxe3 18. fxe3 Rxa2 19. b4 Ra3 20. Rd3 Rxd3
21. cxd3 Rf8 22. Rg1 f6 23. exf6 Rxf6 24. Kc2 Rf2+ 25. Kc3 1-0

[Event "AUTO-MASTER-1656"]
[Site "http://www.queenalice.com/game.php?id=1062080"]
[Date "2012.5.21"]
[Round "1"]
[White "alexp71"]
[Black "mister_pawn"]
[Result "0-1"]
[WhiteElo "1933"]
[BlackElo "2271"]

1. c4 Nf6 2. Nc3 g6 3. d4 d5 4. cxd5 Nxd5 5. e4 Nxc3 6. bxc3 c5 7. Bc4 Bg7 8.
Ne2 Nc6 9. Be3 O-O 10. O-O Qc7 11. Bf4 e5 12. Bg3 a6 13. a4 Na5 14. Bd5 Be6 15.
Bxe6 fxe6 16. dxe5 Bxe5 17. Qc2 Bxg3 18. hxg3 e5 19. Rad1 Rad8 20. Rxd8 Rxd8 21.
Rd1 Nc4 22. Nc1 Rxd1+ 23. Qxd1 Kg7 24. Qb3 Nb6 25. c4 Nd7 0-1

[Event "AUTO-MASTER-1656"]
[Site "http://www.queenalice.com/game.php?id=1062081"]
[Date "2012.5.21"]
[Round "1"]
[White "mister_pawn"]
[Black "jartuga99"]
[Result "1-0"]
[WhiteElo "2250"]
[BlackElo "2109"]

1. e4 c5 2. Nf3 d6 3. c3 Nf6 4. Be2 Nc6 5. d4 cxd4 6. cxd4 Nxe4 7. d5 Qa5+ 8.
Nc3 Nxc3 9. bxc3 Nd8 10. O-O Qxc3 11. Bb5+ Bd7 12. Bxd7+ Kxd7 13. Qa4+ 1-0

[Event "AUTO-MASTER-1656"]
[Site "http://www.queenalice.com/game.php?id=1062082"]
[Date "2012.5.21"]
[Round "1"]
[White "jartuga99"]
[Black "mister_pawn"]
[Result "0-1"]
[WhiteElo "1788"]
[BlackElo "2270"]

1. e4 d6 2. Bc4 Nf6 3. d3 g6 4. h3 Bg7 5. Nf3 O-O 6. a4 Nbd7 7. O-O b6 8. Ba2
Bb7 9. Bf4 Nh5 10. Bc1 e6 11. g4 Nhf6 12. Bg5 h6 13. Bh4 Nc5 14. g5 hxg5 15.
Bxg5 a5 16. c3 Qd7 17. b3 Nh5 18. Kh2 d5 19. e5 d4 20. cxd4 Bxf3 21. Qxf3 Qxd4
22. Nd2 Qxe5+ 23. Kh1 Qxg5 24. Ne4 Nxe4 25. Rg1 Neg3+ 26. fxg3 Bxa1 27. h4 Qe5
28. g4 Nf6 0-1

[Event "AUTO-MASTER-1656"]
[Site "http://www.queenalice.com/game.php?id=1062083"]
[Date "2012.5.21"]
[Round "1"]
[White "mister_pawn"]
[Black "Ronsini"]
[Result "1-0"]
[WhiteElo "2258"]
[BlackElo "2258"]

1. c4 e5 2. Nc3 Nf6 3. g3 d6 4. Bg2 Nc6 5. e3 Be7 6. Nge2 Bg4 7. h3 Be6 8. d4
exd4 9. Nxd4 Nxd4 10. exd4 O-O 11. d5 Bf5 12. g4 Bd7 13. O-O c6 14. Bf4 cxd5 15.
Nxd5 Nxd5 16. Bxd5 Bc6 17. Qf3 Rc8 18. Rad1 Bxd5 19. Qxd5 Qc7 20. Rfe1 Rfe8 21.
b3 Bf8 22. Rxe8 Rxe8 23. Bxd6 Bxd6 24. Qxd6 Qb8 25. Qxb8 Rxb8 26. Rd7 g5 27. Kg2
h6 28. f4 Kg7 29. Kf3 gxf4 30. Kxf4 a6 31. c5 Rc8 32. b4 Rb8 33. Kf5 a5 34. a3
a4 35. Rc7 1-0

[Event "AUTO-MASTER-1656"]
[Site "http://www.queenalice.com/game.php?id=1062084"]
[Date "2012.5.21"]
[Round "1"]
[White "Ronsini"]
[Black "mister_pawn"]
[Result "0-1"]
[WhiteElo "2273"]
[BlackElo "2275"]

1. e4 g6 2. d4 Bg7 3. Nc3 d6 4. Nf3 Nf6 5. Bc4 O-O 6. Bg5 Nxe4 7. Nxe4 d5 8. Bd3
dxe4 9. Bxe4 c5 10. c3 cxd4 11. Nxd4 Qa5 12. Be3 Rd8 13. O-O Nd7 14. Qe2 Nf6 15.
Bf3 e5 16. Nb3 Qc7 17. Nc5 Bf5 18. g3 Bf8 19. Nxb7 Rdb8 20. Qa6 Be4 21. Qxf6 Be7
22. Qxe7 Qxe7 23. Bxe4 Rxb7 24. Rfd1 Rc8 25. Bxb7 Qxb7 26. Rd2 Kg7 27. Rad1 a5
28. f4 exf4 29. Bxf4 Re8 30. a3 a4 31. Kf2 Qb6+ 32. Kg2 h6 33. Bd6 Qb5 34. Bb4
Re2+ 35. Kf3 Qh5+ 36. g4 Rxd2 37. gxh5 Rxd1 38. hxg6 fxg6 39. c4 Kf6 40. Bc3+
Ke6 41. Kg2 Kd6 42. Bg7 h5 43. Bf8+ Kc6 44. Kg3 Rd3+ 45. Kh4 Rd4+ 46. Kg5 Rg4+
47. Kh6 h4 0-1

[Event "AUTO-MASTER-1656"]
[Site "http://www.queenalice.com/game.php?id=1119383"]
[Date "2012.11.6"]
[Round "2"]
[White "mister_pawn"]
[Black "phystutordotcom"]
[Result "1-0"]
[WhiteElo "2289"]
[BlackElo "2098"]

1. c4 d6 2. Nf3 e5 3. Nc3 Nd7 4. d4 Ngf6 5. e4 g6 6. Be2 Bg7 7. O-O O-O 8. dxe5
dxe5 9. Qc2 Re8 10. Be3 Nc5 11. Bxc5 1-0

[Event "AUTO-MASTER-1656"]
[Site "http://www.queenalice.com/game.php?id=1119384"]
[Date "2012.11.6"]
[Round "2"]
[White "phystutordotcom"]
[Black "mister_pawn"]
[Result "1-0"]
[WhiteElo "2127"]
[BlackElo "2295"]

1. Nf3 d5 2. g3 Nf6 3. Bg2 c6 4. O-O g6 5. d3 Bg7 6. Nbd2 O-O 7. e4 dxe4 8. dxe4
c5 9. Qe2 Nc6 10. e5 Ng4 11. Nc4 1-0